| 000 | 01113nam a22003257a 4500 | ||
|---|---|---|---|
| 003 | CHAP | ||
| 005 | 20220817044312.0 | ||
| 008 | 091118s1980 mx a r 00010 spa d | ||
| 010 | _a97093 | ||
| 011 | _a98065 | ||
| 035 | _a108744 | ||
| 040 | _cCHAP | ||
| 090 | _aFolleto 17455 (1980) | ||
| 245 | 0 | 0 |
_aUso de épocas cortas de empadre _c/por Secretaría de Agricultura y Recursos Hidrahulicos, Subsecretaría de Ganadería |
| 250 | _a2 ed. | ||
| 260 |
_aMéx., D.F. : _bSARH, Subsecretaría de Ganadería, _c1980 |
||
| 300 |
_a10 p. : _bilus. |
||
| 590 |
_aBATCH-UPD _b10 _c20130110 _lUCH01 _h1726 |
||
| 590 |
_aBATCH-UPD _b10 _c20130410 _lUCH01 _h1108 |
||
| 590 |
_aBATCH-UPD _b10 _c20130914 _lUCH01 _h1432 |
||
| 590 |
_aCONVERSION _b10 _c20130109 _lUCH01 _h1354 |
||
| 650 | 1 | 4 | _aForrajes. |
| 650 | 1 | 4 |
_aGanado vacuno _xReproducción. _945510 |
| 650 | 1 | 4 |
_aGanado vacuno _xReproducción. _945510 |
| 650 | 1 | 4 |
_aReproducción animal. _996028 |
| 710 | 2 |
_aSubsecretaría de Ganadería. _bMéxico _9110158 |
|
| 901 | _aBK | ||
| 942 | _cFOLL | ||
| 949 |
_aFolleto 17455 (1980) _bBC _cFOLL _d33724002127157 _eTS1 _i108744 _sb |
||
| 999 |
_c97093 _d97093 |
||